000 00416nam a22001697a 4500
005 20180327115504.0
008 160620b xxu||||| |||| 00| 0 eng d
020 _a978-81-7758-174-4
041 _aeng
082 _b8391
_a338.88
100 _aSharan, Vyuptakesh
_9733
245 _aInternational Business
260 _aDelhi
_bPearson Education
_c2009
300 _a532
650 _aManagement
_9241
942 _cBK
999 _c3219
_d3218